000 00407nam a22001577a 4500
003 LK-CoDNM
005 20240816115742.0
008 240816b |||||||| |||| 00| 0 eng d
040 _aLK-CoDNM
_dLK-CoDNM
_eLK-CoDNM
080 _a9
_bR27
100 _aNOERDLINGER HENRY S
245 _aMOSES AND EGYPT
260 _bUNIVERSITY OF SOUTHERN CALIFORNIA PRESS
_c1956
300 _a202P. ; 24 CM
942 _cBK
999 _c148206
_d148206